000 00840nam a2200325Ia 4500
005 20250425161844.0
008 250425s9999 xx 000 0 und d
020 _a9701020367
041 _aspa
043 _amx
082 _a658
100 _aKOONTZ, HAROLD
245 0 _aADMINISTRACION: UNA PERSPECTIVA GLOBAL
250 _a11A ED.
260 _aMEXICO
260 _aMéxico
_bMCGRAW-HILL
_c1998
300 _a796
500 _aTítulo Traducido: MANAGEMENT: A GLOBAL PERSPECTIVE
650 _aADMINISTRACION
650 _aADMINISTRACION
650 _aDIRECCION
650 _aDIRECCION
650 _aPLANEACION
650 _aPLANEACION
650 _aRECURSOS HUMANOS-DESARROLLO
650 _aRECURSOS HUMANOS-DESARROLLO
700 _aMERCADO GONZALEZ ENRIQUE
_etraductor
942 _c01
010 _a32548
999 _c217525
_d217525